Les 10 artistes les plus streamés sur Spotify - Statistiques

Statistiques générales
  • Ce quiz a été pris 70 fois
  • Le résultat moyen est 4 sur 10
Statistiques - réponses
Rang Artistes % Correct
1 Taylor Swift
85%
2 Bad Bunny
51%
4 The Weeknd
51%
7 Justin Bieber
42%
3 Drake
36%
6 Ed Sheeran
36%
5 Ariana Grande
34%
9 Eminem
25%
8 Billie Eilish
24%
10 Kanye West
14%
Aucun quiz correspondant
Distribution des résultats
% des personnes avec chaque résultat
Percentile par nombre de réponses
Votre historique - résultats
Vous n’avez pas pris ce quiz